000 00597nam a2200241 a 4500
001 nice12345678
003 IN_TiNIC
005 20260116011256.0
008 050524s1991 u sa grp 000 0 eng
020 _a0800650
_c100
082 0 0 _a291
_bSMI
100 _aSmith, Wilfred Cantwell
245 _aMeaning and End of Religion
260 _aU S a
_bFortress Press
_c1991
300 _a340p
500 _aincludes index and biblioraphy
505 2 _aIndex
650 _aComparative Religion
700 1 _aSmith, Wilfred Cantwell
902 _bSRS
942 _cBK
999 _c81
_d81